01154nam a2200229 u 450000100100000000500170001000800410002704000250006808200140009310000410010724501530014826000410030130000200034250000530036259000490041550400270046470000590049195201270055095201120067795201180078999900170090700002074020200930011144.0100813s2015 dr r 000 0 spa d aDO-SdBNPbspacBNPHU axxxbxxxx1 aHidalgo Rodríguez, Victoria94349510aLa responsabilidad civil en los matrimonios canónicos católicos /cVictoria Hidalgo Rodríguez ; prólogo Francisco Antonio Jiménez Rosario. a[Santo Domingo] :b[s.n.],c[2015 ]. a75 p. ;c26 cm. aIncluye datos biográficos en la contracubierta aLa biblioteca posee tres ej. autográfiados aBibliografía : p. 7512aJiménez Rosario, Francisco Antonioeprólogo943496 001052708DSaGRbGRcHDd2017-05-05iLF1l0oxxx xxxxp20740-30r2020-06-25te. 3w2020-06-25yLFDSZPréstamo interno 0010718PDaPDbPDcHDd2017-05-05iLF1l0oxxx xxxxp20740-10r2020-06-25w2020-06-25yLFPDZNo se presta 0010718PDaPDbPDcHDd2017-05-05iLF1l0oxxx xxxxp20740-20r2020-06-25te. 2w2020-06-25yLFPDZNo se presta c20244d20244